Reprezentacje zwycięzców MŚWL - Papież Cup - Statystyki

Ogólne statystyki
  • Ten quiz został rozwiązany 6 razy
    3 od ostatniego zresetowania
  • Średni wynik to 7 z 29
Statystyki odpowiedzi
Sezon Zwycięzca Reprezentacja % Poprawnych
2020 Matius Polska
100%
2032 Olos Honduras
67%
2034 Olos Honduras
67%
2030 Vlad Saranović Australia
33%
2022 Alex2323 Austria
33%
2042 garwo Honduras
33%
2044 Kubys Honduras
33%
2058 Kubys Honduras
33%
2048 Mumin Islandia
33%
2026 Saachi Lesotho
33%
2024 Alex2323 Malediwy
33%
2046 Matius Słowenia
33%
2052 Primoz Słowenia
33%
2062 Kubys Włochy
33%
2064 Primoz Włochy
33%
2066 Primoz Włochy
33%
2068 Primoz Włochy
33%
2050 Rysia Czechy
0%
2036 Naruku Finlandia
0%
2054 codeine addict Francuskie Terytoria Południowe i Antarktyczne
0%
2060 Kandos Gwadelupa
0%
2056 Rysia Honduras
0%
2072 Nioch Honduras
0%
2038 Bucu Japonia
0%
2028 Bobert Szlafmyca Litwa
0%
2070 Primoz Namibia
0%
2074 Power Nauru
0%
2040 Kandos Polska
0%
2076 Tajkos Wyspy Kanaryjskie
0%
Nie znaleziono quizów pasujących do podanych kryteriów
Rozkład punktacji
Procent ludzi z każdym wynikiem
Percentyl według liczby udzielonych odpowiedzi
Twoja historia wyników
Nie rozwiązałeś tego quizu od ostatniego zresetowania